Central Library OPAC University of Rajshahi

Theory of probability / (Record no. 51442)

MARC details
000 -LEADER
fixed length control field 00798nam a2200253 a 4500
001 - CONTROL NUMBER
control field 51442
003 - CONTROL NUMBER IDENTIFIER
rucl marc code BD-RjUL
005 - DATE AND TIME OF LATEST TRANSACTION
control field 20211209075648.0
008 - FIXED-LENGTH DATA ELEMENTS--GENERAL INFORMATION
fixed length control field 160831r19501948enka 00100 eng d
035 ## - SYSTEM CONTROL NUMBER
System control number (BD-RjUL)51562
040 ## - CATALOGING SOURCE
Original cataloging agency BD-RjUL
Language of cataloging eng
Transcribing agency BD-RjUL
Modifying agency BD-RjUL
041 ## - LANGUAGE CODE
Language code of text/sound track or separate title eng
082 00 - DEWEY DECIMAL CLASSIFICATION NUMBER
Classification number 519.2
Author mark and year JET 1950
Edition number 22
100 1# - MAIN ENTRY--PERSONAL NAME
Personal name Jeffreys, Harold,
9 (RLIN) 21402
245 10 - TITLE STATEMENT
Title Theory of probability /
Statement of responsibility, etc. Harold Jeffreys.
250 ## - EDITION STATEMENT
Edition statement 2nd ed.
260 ## - PUBLICATION, DISTRIBUTION, ETC. (IMPRINT)
Place of publication, distribution, etc. Oxford :
Name of publisher, distributor, etc. Clarendon Press,
Date of publication, distribution, etc. 1948 [Reprinted 1950]
300 ## - PHYSICAL DESCRIPTION
Pagination vii, 411 p. :
Illustrations ill. ;
Size 24 cm.
490 1# - SERIES STATEMENT
Series statement The International series of monographs on physics
500 ## - GENERAL NOTE
General note Includes Index
650 #0 - SUBJECT ADDED ENTRY--TOPICAL TERM
Topical term or geographic name as entry element Probabilities.
9 (RLIN) 243
830 #0 - SERIES ADDED ENTRY--UNIFORM TITLE
Uniform title International series of monographs on physics (Oxford, England) ;
942 ## - ADDED ENTRY ELEMENTS (KOHA)
Source of classification or shelving scheme Dewey Decimal Classification
Koha item type Books
Holdings
Lost status Source of classification or shelving scheme Damaged status Not for loan Collection code Permanent Location Current Location Shelving location Date acquired Source of acquisition Cost, normal purchase price Total Checkouts Full call number Date last seen Copy number Koha item type
  Dewey Decimal Classification     Non-fiction Central Library, University of Rajshahi Central Library, University of Rajshahi   21/07/1955 O.U.P 21.00   519.2 JET 1950 31/08/2016 C-2 Books
  Dewey Decimal Classification     Non-fiction Central Library, University of Rajshahi Central Library, University of Rajshahi   04/08/1955 O.U.P 21.00   519.2 JET 1950 31/08/2016 C-3 Books
  Dewey Decimal Classification     Non-fiction Central Library, University of Rajshahi Central Library, University of Rajshahi   04/08/1955 O.U.P 21.00   519.2 JET 1950 31/08/2016 C-4 Books